| 000 | 00576nam a2200205Ia 4500 | ||
|---|---|---|---|
| 005 | 20250923144630.0 | ||
| 008 | 008 250917s9999 xx 000 0 eng d | ||
| 037 | _aTextual | ||
| 040 |
_aDSWL _beng _cDSWL |
||
| 041 |
_aeng _2eng |
||
| 084 |
_aX:97, J8 _qDSWL |
||
| 100 |
_aHare, A.E.C. _9826825 |
||
| 245 | 0 |
_aFirst principles of indutrial relations _cby A.E.C. Hare |
|
| 260 |
_aLondon _bMacmillan & Co. Ltd. _c1958 |
||
| 300 | _avii,145p. | ||
| 365 |
_aINR _b12.6 |
||
| 925 | _g12.6 | ||
| 942 |
_cTEXL _hX:97, J8 |
||
| 999 |
_c1441411 _d1441411 |
||